Name All South America Countries - Map Quiz - Statistics

General Stats
  • This quiz has been taken 847 times
    839 since last reset
  • The average score is 11 of 12
Answers on the Map
Answers color-coded by a green-red scale on the quiz's map according to % correct below.
 
Answer Stats
Answer % Correct
Brazil
100%
Argentina
99%
Chile
99%
Paraguay
93%
Uruguay
93%
Colombia
92%
Peru
92%
Venezuela
92%
Bolivia
89%
Ecuador
85%
Guyana
78%
Suriname
77%
No matching quizzes found
Score Distribution
Percent of People with Each Score
Percentile by Number Answered
Your Score History
You have not taken this quiz since the last reset